000 00383nam a2200157Ia 4500
003 Ost
005 20260225132545.0
008 260225s9999||||xx |||||||||||||| ||und||
040 _cfsic
041 _afre
082 _a440
100 _aBoualia benoona
_eAuteur
245 0 _aLa cnuced ET LE NOUVEL ORDRE ECONOMIQUE INTERNATIONAL /
245 0 _cBoualia benoona
942 _cكتاب
999 _c33796
_d33796